Pensar y Ser

Guardado en:
書目詳細資料
主要作者: Vries, José De, S.I
格式: 圖書
語言:Undetermined
出版: Madrid, España Razón y Fe 1944
主題:
標簽: 添加標簽
沒有標簽, 成為第一個標記此記錄!

MARC

LEADER 00000nam a2200000Ia 4500
008 170316s9999 xx 000 0 und d
090 |a 100 V-27p 
100 |a Vries, José De, S.I. 
245 |a Pensar y Ser 
260 |a Madrid, España 
260 |b Razón y Fe 
260 |c 1944 
300 |a 339 páginas 
650 |a FILOSOFÍA 
999 |c 17874  |d 17874 
040 |a cru BVZT 
942 |c 15 D  |h 100 V-27p  |2 z